000 00481nam a22001817a 4500
003 OSt
005 20210903150014.0
008 210903b |||||||| |||| 00| 0 eng d
020 _a978-0-387-73991-5
040 _cHAWASSA UNIVERSITY
050 _a302.1/HAN
_b1
082 _a302.1/HAN
_b1
100 _aSTETS E. JAN
_qSTETS E. JAN
_91650
245 _aHANDBOOK OF THE SOCIOLOGY OF EMOTIONS
260 _c2007
600 _aSTETS E. JAN
_qSTETS E. JAN
_91650
942 _2ddc
_cBOOKS
_n0
999 _c1999
_d1999